Minecraft Mobs by Picture #1 - Statistics

General Stats
  • This quiz has been taken 195 times
  • The average score is 18 of 20
Answer Stats
Picture Answer % Correct
Horse
99%
Cat
97%
Cow
97%
Parrot
97%
Wolf
97%
Fox
96%
Goat
96%
Slime
96%
Llama
95%
Salmon
94%
Drowned
92%
Shulker
92%
Wither Skeleton
92%
Zombie Villager
92%
Snow Golem
91%
Phantom
87%
Warden
84%
Hoglin
80%
Allay
77%
Strider
76%
No matching quizzes found
Score Distribution
Percent of People with Each Score
Percentile by Number Answered
Your Score History
You have not taken this quiz